Írsko v európskom integračnom procese diplomová práca

Uložené v:
Podrobná bibliografia
Hlavný autor: Hvastová, Petra
Korporativný autor: Obchodná fakulta EU. Katedra medzinárodného obchodu
Ďalší autori: Kosír, Igor
Médium: Kniha
Jazyk:Slovak
Vydavateľské údaje: Bratislava 2009
Tagy: Pridať tag
Žiadne tagy, Buďte prvý, kto otaguje tento záznam!

MARC

LEADER 00000nam$a2200000$$$4500
001 0100762
005 20240318133655.3
041 0 |a slo 
044 |a SK 
245 1 0 |a Írsko v európskom integračnom procese  |b diplomová práca  |c Petra Hvastová ; škol. Igor Kosír 
264 1 |a Bratislava  |c 2009 
300 |a 100 s. 
100 1 |a Hvastová, Petra 
700 1 |a Kosír, Igor 
710 2 |a Obchodná fakulta EU. Katedra medzinárodného obchodu